LEADER 01165cam0 2200361 450 001 000000269 005 20090316122346.0 010 $a88-348-5123-4 100 $a19991231d1995----km-y0itay50------ba 101 1 $aita$ceng 102 $aIT 105 $ay-------001yy 200 1 $aMicroeconomia$fAndrew Schotter$gedizione italiana a cura di Pier Mario Pacini 210 $aTorino$cGiappichelli$dc1995 215 $aXXXV, 774 p.$d24 cm 225 2 $aCollana di economia$iSerie manuali$v6 314 $aTraduzione italiana di Cristina Fabrizi 410 0$12001$aCollana di economia 451 0$1001000003863 451 0$1001000007326 500 10$aMicroeconomics$m$921785 610 1 $aMicroeconomia 676 $a338.5$v20$9Economia generale della produzione 700 1$aSchotter,$bAndrew$09487 702 1$aPacini,$bPier Mario$4070 801 0$aIT$bUNIPARTHENOPE$gRICA$2UNIMARC 912 $a000000269 951 $a338-M/16$b33255$cNAVA1$d20000103 951 $a338-M/26$b32393$cNAVA1$d20000103 951 $a022/218$b8060bis$cNAVA2 951 $a022/211$b7712bis$cNAVA2 996 $aMicroeconomics$921785 997 $aUNIPARTHENOPE LEADER 01791nam2 22003853i 450 001 IEI0086645 005 20251003044158.0 100 $a19941028d1994 ||||0itac50 ba 101 | $aita 102 $ait 181 1$6z01$ai $bxxxe 182 1$6z01$an 200 1 $aˆ64: ‰Avellino$fSistema statistico nazionale, Istituto nazionale di statistica 210 $aRoma$cIstat$d1994 215 $a296 p., [9] c.$d28 cm$e1 c. geogr. ripieg. 314 $aSC/RAV 27/05/00 BNI aprile 1994$9CFIV037615 461 1$1001IEI0077519$12001 $aPopolazione e abitazioni$efascicolo provinciale$e*13. censimento generale della popolazione e delle abitazioni$e20 ottobre 1991$fSistema statistico nazionale, Istituto Nazionale di Statistica$v64 606 $aItalia$xPopolazione$x1991$xIndagine statistica$2FIR$3CFIC084597$9I 676 $a304.60945$9POPOLAZIONE. Italia$v23 696 $aPopolazione umana 699 $aPopolazione$yPopolazione umana 710 02$aIstat$3CFIV037615$4070$0374421 791 02$aIstituto nazionale di statistica$3CFIV256089$zIstat 791 02$aIstituto centrale di statistica del Regno d'Italia$3ISTV000599$zIstat 791 02$aIstituto centrale di statistica$3LO1V135217$zIstat 791 02$aIstituto nazionale di statistica$3CFIV256089$zIstat 791 02$aIstituto centrale di statistica del Regno d'Italia$3ISTV000599$zIstat 791 02$aIstituto centrale di statistica$3LO1V135217$zIstat 801 3$aIT$bIT-000000$c19941028 850 $aIT-BN0095 $aIT-NA0079 912 $aIEI0086645 950 2$aBiblioteca Centralizzata di Ateneo$c1 v.$d 01M/S (AR) 17 356$e 01AR 0700173565 VMA A4 1 v.$fY $h20240131$i20240131 977 $a 01$a BN 996 $aAvellino$9303717 997 $aUNISANNIO